000 00288nam a22000977a 4500
008 240921b |||||||| |||| 00| 0 eng d
020 _a9789357288088
100 _aOswaal Books
245 _aCUET(UG) 10 Mock Test Papers (Mathematics & Applied Mathematics)
260 _aNew Delhi
_bOswaal Books
999 _c12689
_d12689